[Event "CYCC U12"]
[Site "Quebec CAN"]
[Date "2008.07.14"]
[Round "1"]
[White "Mongenais, Jacob"]
[Black "Li, Chang He"]
[Result "0-1"]
[WhiteElo "1441"]
[BlackElo "1967"]
[PlyCount "108"]
[GameId "2160767910354013"]
[EventDate "2008.07.14"]
[EventType "swiss"]
[EventRounds "7"]
[EventCountry "CAN"]
[SourceTitle "EXT 2011"]
[Source "ChessBase"]
[SourceDate "2011.11.26"]
[SourceVersion "1"]
[SourceVersionDate "2011.11.26"]
[SourceQuality "1"]

1. e4 c5 2. Nf3 e6 3. d4 cxd4 4. Nxd4 a6 5. Nc3 Qc7 6. Be3 Bb4 7. Qd2 Nf6 8. Bd3 d5 9. f3 e5 10. Nb3 d4 11. Nxd4 exd4 12. Bxd4 Nbd7 13. a3 Bc5 14. Bxc5 Qxc5 15. O-O-O O-O 16. Rhe1 Ne5 17. Re3 Be6 18. f4 Nxd3+ 19. Rxd3 Bc4 20. Rd8 Raxd8 21. Qxd8 Rxd8 22. Rxd8+ Qf8 23. Rxf8+ Kxf8 24. Kd2 Bf1 25. g3 Bg2 26. e5 Ne4+ 27. Nxe4 Bxe4 28. c4 Ke7 29. b4 Bc6 30. Ke3 h5 31. Kd4 Ke6 32. Kc5 g5 33. b5 axb5 34. cxb5 Bf3 35. fxg5 Kxe5 36. h4 Kf5 37. Kd4 Kg4 38. Ke5 Kxg3 39. Kf5 Kxh4 40. Kf4 Bd1 41. b6 Kh3 42. Kf5 h4 43. Ke5 Kg4 44. Kf6 h3 45. Kxf7 Kxg5 46. Ke7 Be2 47. Kd7 h2 48. Kc7 h1=Q 49. Kb8 Kf6 50. a4 Qa1 51. Kxb7 Qxa4 52. Kc7 Ba6 53. Kb8 Qc6 54. b7 Qxb7# 0-1

[Event "CYCC U12"]
[Site "Quebec CAN"]
[Date "2008.07.14"]
[Round "1"]
[White "Pecherski, Daniel"]
[Black "Gagnon, Justin"]
[Result "1-0"]
[WhiteElo "1740"]
[BlackElo "1577"]
[PlyCount "107"]
[GameId "2160767910354014"]
[EventDate "2008.07.14"]
[EventType "swiss"]
[EventRounds "7"]
[EventCountry "CAN"]
[SourceTitle "EXT 2011"]
[Source "ChessBase"]
[SourceDate "2011.11.26"]
[SourceVersion "1"]
[SourceVersionDate "2011.11.26"]
[SourceQuality "1"]

1. d4 Nf6 2. c4 g6 3. Nc3 Bg7 4. e4 d6 5. Nf3 O-O 6. Be2 Nbd7 7. O-O e5 8. d5 Nc5 9. Qc2 b6 10. b4 Nb7 11. Bd2 Bg4 12. h3 Bxf3 13. Bxf3 Nd7 14. Qa4 f5 15. Qc6 Rb8 16. Nb5 a6 17. Nxc7 Rc8 18. Ne6 Rxc6 19. Nxd8 Rc7 20. Ne6 Rxc4 21. Nxf8 Nxf8 22. Rac1 Rxc1 23. Rxc1 a5 24. bxa5 bxa5 25. exf5 gxf5 26. Rc7 Nd8 27. Bxa5 Nf7 28. Bb4 Ng6 29. a4 Nf4 30. a5 e4 31. Bd1 Nxd5 32. Rb7 Nxb4 33. Rxb4 Ne5 34. a6 Nc6 35. Rb6 Bd4 36. Rxc6 e3 37. a7 exf2+ 38. Kf1 Bxa7 39. Rc8+ Kg7 40. Rc7+ Kg6 41. Rxa7 Kg5 42. Rxh7 Kf4 43. Kxf2 d5 44. Rd7 Ke5 45. h4 Kf6 46. Rxd5 Kg6 47. Bc2 Kh5 48. Kg3 Kg6 49. Rxf5 Kh6 50. h5 Kg7 51. Kh4 Kh7 52. Kg5 Kg7 53. h6+ Kh7 54. Rf8# 1-0

[Event "CYCC U12"]
[Site "Quebec CAN"]
[Date "2008.07.14"]
[Round "1"]
[White "Qin, Zi Yi (Joey)"]
[Black "Lai, Jonathan"]
[Result "1-0"]
[WhiteElo "2194"]
[BlackElo "1563"]
[PlyCount "111"]
[GameId "2160767910354015"]
[EventDate "2008.07.14"]
[EventType "swiss"]
[EventRounds "7"]
[EventCountry "CAN"]

1. e4 c5 2. Nf3 d6 3. d4 cxd4 4. Nxd4 Nf6 5. Nc3 g6 6. Be3 Bg7 7. f3 O-O 8. Qd2 Nc6 9. g4 Nxd4 10. Bxd4 Be6 11. O-O-O Qa5 12. a3 Rfc8 13. h4 Rab8 14. Nd5 Qxd2+ 15. Rxd2 Nxd5 16. Bxg7 Kxg7 17. exd5 Bd7 18. Bh3 Rc5 19. Re1 Re8 20. f4 Rc4 21. Rf1 h5 22. Rg2 hxg4 23. Bxg4 Bxg4 24. Rxg4 Rd4 25. h5 Kf6 26. hxg6 fxg6 27. Rg5 Rg8 28. c3 Rxf4 29. Rxg6+ Rxg6 30. Rxf4+ Ke5 31. Rb4 b6 32. Ra4 a5 33. Rd4 Rg2 34. Kb1 Re2 35. Ka2 Re4 36. Rd1 b5 37. Kb3 Rc4 38. Re1+ Re4 39. Rd1 Rc4 40. Rd2 e6 41. dxe6 Kxe6 42. Kc2 Ke5 43. Re2+ Re4 44. Rh2 Rf4 45. Rh5+ Rf5 46. Rxf5+ Kxf5 47. Kb3 Ke5 48. a4 bxa4+ 49. Kxa4 Kd5 50. Kxa5 Kc4 51. b4 d5 52. b5 Kxc3 53. b6 d4 54. b7 d3 55. b8=Q d2 56. Qb1 1-0

[Event "CYCC U12"]
[Site "Quebec CAN"]
[Date "2008.07.14"]
[Round "1"]
[White "Tetreault Labarge, Pierre"]
[Black "Liu, Steven2"]
[Result "0-1"]
[WhiteElo "992"]
[BlackElo "1656"]
[PlyCount "84"]
[GameId "2160767910354016"]
[EventDate "2008.07.14"]
[EventType "swiss"]
[EventRounds "7"]
[EventCountry "CAN"]
[SourceTitle "EXT 2011"]
[Source "ChessBase"]
[SourceDate "2011.11.26"]
[SourceVersion "1"]
[SourceVersionDate "2011.11.26"]
[SourceQuality "1"]

1. e4 c6 2. Nf3 d5 3. d3 dxe4 4. dxe4 Qxd1+ 5. Kxd1 Bg4 6. h3 Bxf3+ 7. gxf3 e6 8. Bf4 Nf6 9. Nc3 Nbd7 10. e5 Nd5 11. Nxd5 cxd5 12. Bb5 a6 13. Bxd7+ Kxd7 14. Be3 g6 15. Bb6 Bg7 16. f4 Rac8 17. Re1 Rc4 18. b3 Rxf4 19. Be3 Rh4 20. Rh1 Bxe5 21. Rb1 Bd4 22. Bxd4 Rxd4+ 23. Ke1 Rc8 24. Rb2 Kd6 25. c3 Rxc3 26. b4 Rc1+ 27. Ke2 Rxh1 28. b5 Re4+ 29. Kf3 Rxh3+ 30. Kg2 Rhh4 31. bxa6 bxa6 32. Rb6+ Ke5 33. f3 Ra4 34. f4+ Rhxf4 35. Rb2 Ra3 36. Rb3 Rxa2+ 37. Kg3 Raf2 38. Kh3 h5 39. Rg3 Kf5 40. Rg5+ Kxg5 41. Kg3 h4+ 42. Kh3 R4f3# 0-1

[Event "CYCC U12"]
[Site "Quebec CAN"]
[Date "2008.07.14"]
[Round "1"]
[White "Tremblay, Kevin"]
[Black "Luo, Zhao Yang"]
[Result "0-1"]
[WhiteElo "1268"]
[BlackElo "1795"]
[PlyCount "50"]
[GameId "2160767910354017"]
[EventDate "2008.07.14"]
[EventType "swiss"]
[EventRounds "7"]
[EventCountry "CAN"]
[SourceTitle "EXT 2011"]
[Source "ChessBase"]
[SourceDate "2011.11.26"]
[SourceVersion "1"]
[SourceVersionDate "2011.11.26"]
[SourceQuality "1"]

1. e4 c6 2. d4 d5 3. Nc3 dxe4 4. Nxe4 Bf5 5. Bd3 Qxd4 6. Nf3 Qd8 7. Bf4 g6 8. Be5 f6 9. Bc3 Nd7 10. Qe2 Qc7 11. h3 O-O-O 12. g4 Bxe4 13. Qxe4 Nc5 14. Qc4 Nxd3+ 15. cxd3 e5 16. Qa4 Bc5 17. b4 Rxd3 18. Bd2 Bb6 19. Ke2 Qd7 20. Rac1 e4 21. Rhd1 exf3+ 22. Ke1 Qe6+ 23. Be3 Rxe3+ 24. fxe3 Qxe3+ 25. Kf1 Qe2# 0-1

[Event "CYCC U12"]
[Site "Quebec CAN"]
[Date "2008.07.14"]
[Round "1"]
[White "Wang, Yuekai"]
[Black "Sohal, Tanraj"]
[Result "0-1"]
[WhiteElo "1760"]
[BlackElo "1876"]
[PlyCount "64"]
[GameId "2160767910354018"]
[EventDate "2008.07.14"]
[EventType "swiss"]
[EventRounds "7"]
[EventCountry "CAN"]
[SourceTitle "EXT 2011"]
[Source "ChessBase"]
[SourceDate "2011.11.26"]
[SourceVersion "1"]
[SourceVersionDate "2011.11.26"]
[SourceQuality "1"]

1. e4 c5 2. Nf3 Nc6 3. d4 cxd4 4. Nxd4 Nf6 5. Nc3 e6 6. Be2 Bb4 7. Nxc6 bxc6 8. Bd3 d5 9. Bd2 O-O 10. O-O c5 11. e5 Nd7 12. Qh5 f5 13. f4 Rb8 14. Rab1 d4 15. Ne4 g6 16. Qe2 fxe4 17. Bxe4 Bxd2 18. Qxd2 Bb7 19. Bxb7 Rxb7 20. c3 Nb6 21. Rfd1 Rd7 22. Qf2 Nd5 23. cxd4 Nxf4 24. Qc2 Rxd4 25. Re1 Rd2 26. Qe4 Rxg2+ 27. Qxg2 Nxg2 28. Rbd1 Qg5 29. Kh1 Nxe1 30. Rxe1 Rf2 31. Rg1 Qd2 32. Rxg6+ hxg6 0-1

[Event "CYCC U12"]
[Site "Quebec CAN"]
[Date "2008.07.14"]
[Round "1"]
[White "Zhang, Zhiyuan"]
[Black "Leveille, Francois1"]
[Result "1-0"]
[WhiteElo "1694"]
[BlackElo "1124"]
[PlyCount "139"]
[GameId "2160767910354019"]
[EventDate "2008.07.14"]
[EventType "swiss"]
[EventRounds "7"]
[EventCountry "CAN"]
[SourceTitle "EXT 2011"]
[Source "ChessBase"]
[SourceDate "2011.11.26"]
[SourceVersion "1"]
[SourceVersionDate "2011.11.26"]
[SourceQuality "1"]

1. Nf3 e6 2. e4 d5 3. Nc3 Nf6 4. e5 Ne4 5. Qe2 Nxc3 6. dxc3 Nc6 7. g3 f6 8. exf6 gxf6 9. Nd4 Nxd4 10. Qh5+ Kd7 11. cxd4 Qe8 12. Qd1 e5 13. dxe5 Qxe5+ 14. Be2 Kd8 15. O-O Bh3 16. Re1 h6 17. Bg4 Bxg4 18. Rxe5 Bxd1 19. Rxd5+ Ke8 20. Rxd1 Rd8 21. Rxd8+ Kxd8 22. Bf4 Bd6 23. Rd1 Ke7 24. Bxd6+ cxd6 25. Re1+ Kd7 26. Re4 Re8 27. Rxe8 Kxe8 28. f4 b5 29. Kf2 Kd7 30. Ke3 Ke6 31. Ke4 f5+ 32. Kd4 a6 33. c4 bxc4 34. Kxc4 d5+ 35. Kd4 a5 36. b3 Kd6 37. a3 Kc6 38. b4 a4 39. h3 h5 40. h4 Kd6 41. b5 Kc7 42. Kxd5 Kb6 43. Kc4 Ka5 44. b6 Kxb6 45. Kd5 Kb5 46. Kd4 Ka5 47. Kc4 Ka6 48. Kb4 Kb6 49. Kxa4 Kc5 50. Kb3 Kd4 51. a4 Ke3 52. a5 Kf3 53. a6 Kxg3 54. a7 Kxf4 55. a8=Q Kg4 56. Qh1 f4 57. Kc3 f3 58. Kd2 Kg3 59. Ke1 f2+ 60. Kf1 Kg4 61. Kxf2 Kf4 62. Qd1 Kf5 63. Qxh5+ Ke6 64. Ke3 Kd6 65. Kd4 Kc7 66. Kc5 Kd7 67. Qe5 Kd8 68. Qg7 Kc8 69. Kc6 Kb8 70. Qb7# 1-0

[Event "CYCC U12"]
[Site "Quebec CAN"]
[Date "2008.07.14"]
[Round "2"]
[White "Cai, Tony"]
[Black "Qin, Zi Yi (Joey)"]
[Result "0-1"]
[WhiteElo "1683"]
[BlackElo "2194"]
[PlyCount "84"]
[GameId "2160767910354020"]
[EventDate "2008.07.14"]
[EventType "swiss"]
[EventRounds "7"]
[EventCountry "CAN"]

1. d4 Nf6 2. c4 e6 3. Nc3 Bb4 4. Bg5 c5 5. e3 Qa5 6. Qc1 Ne4 7. Bf4 Nxc3 8. a3 Nd5+ 9. axb4 Qxb4+ 10. Qd2 Qxd2+ 11. Kxd2 Nxf4 12. exf4 cxd4 13. Nf3 Nc6 14. Bd3 b6 15. Be4 Bb7 16. Bxc6 Bxc6 17. Nxd4 O-O 18. Nxc6 dxc6 19. Ke3 Rfd8 20. Rhd1 a5 21. b3 Kf8 22. c5 Rxd1 23. Rxd1 b5 24. Ra1 Ke7 25. Ke4 a4 26. bxa4 Rxa4+ 27. Rxa4 bxa4 28. Kd4 Kf6 29. Kc4 Kf5 30. Kb4 Kxf4 31. Kxa4 Ke4 32. Ka5 Kd4 33. Kb4 Kd5 34. Kb3 Kxc5 35. Kc3 Kd5 36. Kd3 Kc5 37. Kc3 e5 38. Kd3 f5 39. Kc3 g5 40. Kd3 h5 41. Kc3 e4 42. g3 g4 0-1

[Event "CYCC U12"]
[Site "Quebec CAN"]
[Date "2008.07.14"]
[Round "2"]
[White "Chartrand, Maxime"]
[Black "Wang, Yuekai"]
[Result "0-1"]
[WhiteElo "977"]
[BlackElo "1760"]
[PlyCount "83"]
[GameId "2160767910354021"]
[EventDate "2008.07.14"]
[EventType "swiss"]
[EventRounds "7"]
[EventCountry "CAN"]
[SourceTitle "EXT 2011"]
[Source "ChessBase"]
[SourceDate "2011.11.26"]
[SourceVersion "1"]
[SourceVersionDate "2011.11.26"]
[SourceQuality "1"]

1. e4 c5 2. Nf3 d6 3. d4 cxd4 4. Nxd4 Nf6 5. Nc3 a6 6. Bf4 e5 7. Bxe5 dxe5 8. Nf5 Qxd1+ 9. Rxd1 Bxf5 10. exf5 Bb4 11. Bc4 Nc6 12. Bd5 Nxd5 13. Rxd5 Bxc3+ 14. bxc3 Rd8 15. Rc5 Ke7 16. O-O f6 17. Rc4 Rd7 18. Rg4 Kf7 19. c4 Rd4 20. Rg3 Rhd8 21. Rd3 Rxd3 22. cxd3 Rxd3 23. a4 Nd4 24. g3 Nxf5 25. c5 Rc3 26. Rd1 Nd4 27. c6 Rxc6 28. Rd3 Rc3 29. Rxc3 Ne2+ 30. Kg2 Nxc3 31. a5 Nd5 32. Kf3 b6 33. axb6 Nxb6 34. Ke4 a5 35. Kf5 a4 36. f4 exf4 37. gxf4 a3 38. Kg4 a2 39. h4 a1=Q 40. h5 Qg1+ 41. Kf5 g6+ 42. hxg6+ 0-1

[Event "CYCC U12"]
[Site "Quebec CAN"]
[Date "2008.07.14"]
[Round "2"]
[White "Cheng, Guy"]
[Black "Zhang, Zhiyuan"]
[Result "0-1"]
[WhiteElo "894"]
[BlackElo "1694"]
[PlyCount "130"]
[GameId "2160767910354022"]
[EventDate "2008.07.14"]
[EventType "swiss"]
[EventRounds "7"]
[EventCountry "CAN"]
[SourceTitle "EXT 2011"]
[Source "ChessBase"]
[SourceDate "2011.11.26"]
[SourceVersion "1"]
[SourceVersionDate "2011.11.26"]
[SourceQuality "1"]

1. d4 Nf6 2. c4 e6 3. Nc3 Bb4 4. e3 b6 5. Nge2 Bb7 6. a3 Be7 7. Qc2 c5 8. Ng3 cxd4 9. exd4 d5 10. cxd5 Nxd5 11. Bb5+ Nd7 12. Nxd5 Bxd5 13. O-O a6 14. Bd3 Nf6 15. Ne4 Nxe4 16. Bxe4 Bxe4 17. Qxe4 O-O 18. Be3 Qd7 19. Rac1 Rac8 20. Rfd1 Bf6 21. b3 Qb5 22. b4 Qa4 23. Qd3 h6 24. Rxc8 Rxc8 25. Rc1 Rxc1+ 26. Bxc1 Qc6 27. Be3 b5 28. Kf1 Be7 29. f3 Bd6 30. Kf2 f5 31. Qb3 Kf7 32. g3 Bc7 33. h4 Ke7 34. Qd3 Qc4 35. Qd2 Bb6 36. Qc1 Qxc1 37. Bxc1 Bxd4+ 38. Ke2 Kd6 39. g4 fxg4 40. fxg4 Kd5 41. Kd3 e5 42. g5 hxg5 43. hxg5 e4+ 44. Kd2 g6 45. Kc2 Ke5 46. Kd1 Kf5 47. Ke2 Bb6 48. Bd2 Bd8 49. Kf2 Bxg5 50. Bxg5 Kxg5 51. Ke3 Kf5 52. Kd4 Kf4 53. Kc5 e3 54. Kb6 e2 55. Kxa6 e1=Q 56. Kxb5 Qe5+ 57. Ka4 g5 58. b5 g4 59. Ka5 g3 60. a4 g2 61. Ka6 g1=Q 62. b6 Qd6 63. a5 Qgc5 64. Kb7 Qxa5 65. Kc8 Qa8# 0-1

[Event "CYCC U12"]
[Site "Quebec CAN"]
[Date "2008.07.14"]
[Round "2"]
[White "Gagnon, Justin"]
[Black "Leveille, Francois1"]
[Result "1-0"]
[WhiteElo "1577"]
[BlackElo "1124"]
[PlyCount "69"]
[GameId "2160767910354023"]
[EventDate "2008.07.14"]
[EventType "swiss"]
[EventRounds "7"]
[EventCountry "CAN"]
[SourceTitle "EXT 2011"]
[Source "ChessBase"]
[SourceDate "2011.11.26"]
[SourceVersion "1"]
[SourceVersionDate "2011.11.26"]
[SourceQuality "1"]

1. e4 e5 2. Nf3 Nc6 3. Bc4 Nf6 4. d3 Na5 5. Nxe5 Nxc4 6. Nxc4 d5 7. exd5 Nxd5 8. O-O Be6 9. Ne3 Nxe3 10. Bxe3 b6 11. Nc3 Bb4 12. Qf3 Bxc3 13. Qc6+ Bd7 14. Qxc3 O-O 15. Rfe1 Re8 16. Bd4 Rxe1+ 17. Rxe1 f6 18. Qc4+ Kf8 19. Be3 Qe7 20. Qe4 Qxe4 21. dxe4 Re8 22. f3 g6 23. Bd4 f5 24. e5 c5 25. Be3 Rxe5 26. Bh6+ Kf7 27. Rxe5 Kf6 28. Bg7+ Kf7 29. Bh6 Kf6 30. Re3 a5 31. Rb3 Be6 32. Rxb6 Ke5 33. Bg7+ Kd5 34. b3 Bg8 35. c4# 1-0

[Event "CYCC U12"]
[Site "Quebec CAN"]
[Date "2008.07.14"]
[Round "2"]
[White "Kaufman, Elliot"]
[Black "Tetreault Labarge, Pierre"]
[Result "1-0"]
[WhiteElo "1412"]
[BlackElo "992"]
[PlyCount "57"]
[GameId "2160767910354024"]
[EventDate "2008.07.14"]
[EventType "swiss"]
[EventRounds "7"]
[EventCountry "CAN"]
[SourceTitle "EXT 2011"]
[Source "ChessBase"]
[SourceDate "2011.11.26"]
[SourceVersion "1"]
[SourceVersionDate "2011.11.26"]
[SourceQuality "1"]

1. e4 e5 2. Nf3 f6 3. Nc3 Bb4 4. d4 exd4 5. Nxd4 Bc5 6. f3 Nc6 7. Be3 Nge7 8. Nxc6 Nxc6 9. Bxc5 d6 10. Be3 O-O 11. Bc4+ Kh8 12. Qd2 Nb4 13. a3 Nc6 14. O-O-O Na5 15. Ba2 Qe8 16. g4 Be6 17. Bxe6 Qxe6 18. Nd5 Nc4 19. Qc3 Ne5 20. Nxc7 Qc8 21. Nxa8 Qxa8 22. Rhf1 Rc8 23. Qb4 Nc6 24. Qxd6 Qb8 25. Qxb8 Nxb8 26. Bxa7 Nc6 27. Bc5 Ne5 28. Kb1 Rxc5 29. Rd8# 1-0

[Event "CYCC U12"]
[Site "Quebec CAN"]
[Date "2008.07.14"]
[Round "2"]
[White "Lai, Jonathan"]
[Black "Chuchin, Sasha"]
[Result "1-0"]
[WhiteElo "1563"]
[BlackElo "1124"]
[PlyCount "66"]
[GameId "2160767910354025"]
[EventDate "2008.07.14"]
[EventType "swiss"]
[EventRounds "7"]
[EventCountry "CAN"]
[SourceTitle "EXT 2011"]
[Source "ChessBase"]
[SourceDate "2011.11.26"]
[SourceVersion "1"]
[SourceVersionDate "2011.11.26"]
[SourceQuality "1"]

1. e4 e5 2. Nf3 Nf6 3. Nxe5 d6 4. Nf3 Nxe4 5. Be2 Be7 6. O-O O-O 7. d3 Nc5 8. Nc3 Nc6 9. Be3 Ne5 10. Bxc5 Nxf3+ 11. Bxf3 dxc5 12. Re1 Bd6 13. Qd2 Qh4 14. g3 Qh3 15. Bg2 Qg4 16. Re4 Qg6 17. Rh4 Be7 18. Re4 Bf6 19. Nd5 Bf5 20. Ne7+ Bxe7 21. Rxe7 Qd6 22. Rae1 Be6 23. Qg5 h6 24. Qh4 f6 25. R1xe6 Qd8 26. Qg4 Rf7 27. Rxf7 Kxf7 28. Qc4 Kf8 29. Bd5 c6 30. Qxc5+ Kf7 31. Rd6+ cxd5 32. Rxd8 Rxd8 33. Qc7+ Ke6 1-0

[Event "CYCC U12"]
[Site "Quebec CAN"]
[Date "2008.07.14"]
[Round "2"]
[White "Lepine, Cedric"]
[Black "Florea, Alexandru"]
[Result "1-0"]
[WhiteElo "1541"]
[BlackElo "1824"]
[PlyCount "62"]
[GameId "2160767910354026"]
[EventDate "2008.07.14"]
[EventType "swiss"]
[EventRounds "7"]
[EventCountry "CAN"]
[SourceTitle "EXT 2011"]
[Source "ChessBase"]
[SourceDate "2011.11.26"]
[SourceVersion "1"]
[SourceVersionDate "2011.11.26"]
[SourceQuality "1"]

1. d4 f5 2. c4 Nf6 3. Nc3 e6 4. Nf3 Bb4 5. Bd2 d6 6. e3 Nbd7 7. Bd3 Qe7 8. O-O b6 9. Nb5 Bxd2 10. Nxc7+ Kd8 11. Nxa8 Ba5 12. a3 Bb7 13. b4 Bxa8 14. bxa5 g5 15. Re1 Ne4 16. Bxe4 Bxe4 17. Nd2 Nf6 18. Nxe4 fxe4 19. axb6 axb6 20. c5 d5 21. Qa4 Qb7 22. Rab1 Ke7 23. Rxb6 Qc7 24. Reb1 Nd7 25. Rb7 Rb8 26. c6 Kf7 27. Qa7 Qxc6 28. Rxd7+ Kf6 29. Rf7+ Kg6 30. Rg7+ Kf5 31. Qf7+ Kg4 1-0

[Event "CYCC U12"]
[Site "Quebec CAN"]
[Date "2008.07.14"]
[Round "2"]
[White "Li, Chang He"]
[Black "Chan, Alex H"]
[Result "1-0"]
[WhiteElo "1967"]
[BlackElo "1633"]
[PlyCount "101"]
[GameId "2160767910354027"]
[EventDate "2008.07.14"]
[EventType "swiss"]
[EventRounds "7"]
[EventCountry "CAN"]
[SourceTitle "EXT 2011"]
[Source "ChessBase"]
[SourceDate "2011.11.26"]
[SourceVersion "1"]
[SourceVersionDate "2011.11.26"]
[SourceQuality "1"]

1. e4 e5 2. Nc3 Nf6 3. Nf3 Nc6 4. d4 exd4 5. Nxd4 Bb4 6. Nxc6 bxc6 7. Bd3 d5 8. exd5 cxd5 9. O-O O-O 10. Bg5 Bxc3 11. bxc3 Qd6 12. Bxf6 Qxf6 13. Qh5 g6 14. Qxd5 Ba6 15. Bxa6 Qxa6 16. Rfd1 Rfd8 17. Qe4 Re8 18. Qd3 Qa5 19. Qc4 Rad8 20. h3 Rxd1+ 21. Rxd1 Qf5 22. Qxc7 Qxc2 23. Rd8 Rxd8 24. Qxd8+ Kg7 25. Qd4+ Kg8 26. Qxa7 Qxc3 27. a4 h5 28. Qb8+ Kg7 29. Qf4 f6 30. h4 Kf7 31. Kh2 Qa5 32. Qc4+ Ke7 33. Qb5 Qa7 34. Qe2+ Kf7 35. Qa2+ Ke7 36. a5 Kf8 37. a6 Kg7 38. Kg1 Kh6 39. Qc4 Kg7 40. Qc6 Kh6 41. g3 Qd4 42. Qb7 g5 43. hxg5+ fxg5 44. a7 h4 45. a8=Q hxg3 46. Qaa6+ Kh5 47. Qf7+ Kh4 48. Qh7+ Kg4 49. Qe6+ Kf3 50. Qhf5+ Qf4 51. Qe3# 1-0

[Event "CYCC U12"]
[Site "Quebec CAN"]
[Date "2008.07.14"]
[Round "2"]
[White "Liu, Steven2"]
[Black "Leu, Richard"]
[Result "0-1"]
[WhiteElo "1656"]
[BlackElo "1962"]
[PlyCount "76"]
[GameId "2160767910354028"]
[EventDate "2008.07.14"]
[EventType "swiss"]
[EventRounds "7"]
[EventCountry "CAN"]
[SourceTitle "EXT 2011"]
[Source "ChessBase"]
[SourceDate "2011.11.26"]
[SourceVersion "1"]
[SourceVersionDate "2011.11.26"]
[SourceQuality "1"]

1. e4 c5 2. Nf3 d6 3. Bb5+ Bd7 4. Bxd7+ Qxd7 5. O-O Nc6 6. Re1 e6 7. d3 g6 8. Nc3 Bg7 9. Bf4 a6 10. Qd2 b5 11. e5 d5 12. d4 c4 13. Nd1 h5 14. c3 a5 15. a3 Nge7 16. Ne3 Qb7 17. Nc2 Nf5 18. Ne3 Nce7 19. Nxf5 Nxf5 20. Bg5 Bh6 21. Bxh6 Nxh6 22. Qg5 Qe7 23. g3 Nf5 24. Kg2 Kd7 25. Qxe7+ Nxe7 26. Ng5 Ke8 27. h3 Nc6 28. Rh1 Ke7 29. g4 b4 30. axb4 axb4 31. gxh5 gxh5 32. h4 Rhb8 33. Rhb1 Rxa1 34. Rxa1 bxc3 35. bxc3 Rb3 36. Rc1 Na7 37. Kf3 Nb5 38. Ke3 Nxc3 0-1

[Event "CYCC U12"]
[Site "Quebec CAN"]
[Date "2008.07.14"]
[Round "2"]
[White "Luo, Zhao Yang"]
[Black "Farrant-Diaz, Nathan"]
[Result "0-1"]
[WhiteElo "1795"]
[BlackElo "1571"]
[PlyCount "112"]
[GameId "2160767910354029"]
[EventDate "2008.07.14"]
[EventType "swiss"]
[EventRounds "7"]
[EventCountry "CAN"]
[SourceTitle "EXT 2011"]
[Source "ChessBase"]
[SourceDate "2011.11.26"]
[SourceVersion "1"]
[SourceVersionDate "2011.11.26"]
[SourceQuality "1"]

1. e4 b6 2. d4 Bb7 3. Nc3 e6 4. Nf3 Bb4 5. Bd3 Nf6 6. Bg5 h6 7. Bxf6 Qxf6 8. O-O O-O 9. Nb5 Na6 10. c3 c6 11. cxb4 cxb5 12. a3 Nc7 13. Rc1 Rac8 14. Qe2 a6 15. Rc3 Rfd8 16. Rfc1 Ne8 17. Rxc8 Rxc8 18. Rxc8 Bxc8 19. a4 bxa4 20. Bxa6 Qf4 21. Bxc8 Qc1+ 22. Qe1 Qxc8 23. Qc3 Qxc3 24. bxc3 Nd6 25. Nd2 a3 26. Nb3 Nxe4 27. c4 a2 28. c5 b5 29. f3 Nc3 30. Kf2 Nd5 31. Ke2 Nxb4 32. Kd2 Nc6 33. Kc3 Na5 34. Na1 Nc6 35. Nb3 Na5 36. Na1 Nc4 37. Kb3 Ne3 38. g3 Nf1 39. Kxa2 Nxh2 40. f4 Nf1 41. g4 Nh2 42. Kb3 Nxg4 43. Kb4 Ne3 44. Kxb5 Nd5 45. Ka6 Nxf4 46. Kb7 h5 47. Nc2 h4 48. Ne3 h3 49. Nf1 Kf8 50. Kc7 Ke7 51. Ng3 h2 52. c6 dxc6 53. Kxc6 Ne2 54. Nh1 g5 55. d5 g4 56. d6+ Kd8 0-1

[Event "CYCC U12"]
[Site "Quebec CAN"]
[Date "2008.07.14"]
[Round "2"]
[White "Nunez-Painchaud, Raphael"]
[Black "Pecherski, Daniel"]
[Result "1-0"]
[WhiteElo "1686"]
[BlackElo "1740"]
[PlyCount "131"]
[GameId "2160767910354030"]
[EventDate "2008.07.14"]
[EventType "swiss"]
[EventRounds "7"]
[EventCountry "CAN"]
[SourceTitle "EXT 2011"]
[Source "ChessBase"]
[SourceDate "2011.11.26"]
[SourceVersion "1"]
[SourceVersionDate "2011.11.26"]
[SourceQuality "1"]

1. c4 e6 2. Nf3 Nf6 3. Nc3 d5 4. cxd5 exd5 5. d4 Be7 6. Bg5 O-O 7. e3 c6 8. Qc2 Bg4 9. Ne5 Bh5 10. Bd3 h6 11. Bh4 Nbd7 12. Nxd7 Nxd7 13. Bg3 Re8 14. O-O Bh4 15. b4 Bxg3 16. hxg3 a6 17. a4 b5 18. Ne2 Bxe2 19. Bxe2 Qf6 20. Rfc1 Rac8 21. Bg4 Red8 22. Ra3 Rc7 23. Bxd7 Rdxd7 24. Rc3 Rd6 25. Rc5 Rb7 26. axb5 Rxb5 27. Qa4 Rb6 28. Qa5 Qd8 29. Rxc6 Rbxc6 30. Qxd8+ Rxd8 31. Rxc6 Rb8 32. Rxa6 Rxb4 33. Ra8+ Kh7 34. Kf1 Rb1+ 35. Ke2 Rb5 36. Ra6 f6 37. Kf3 Kg6 38. Rc6 Rb7 39. Kf4 Rb2 40. Kf3 Rb7 41. Rc5 Rd7 42. Kg4 Kf7 43. Kf5 g6+ 44. Kf4 Rd6 45. g4 Ke6 46. Rc7 Rd7 47. Rxd7 Kxd7 48. e4 Ke6 49. Ke3 Kd6 50. f4 Kc6 51. g5 fxg5 52. fxg5 h5 53. exd5+ Kxd5 54. g3 Kd6 55. Ke4 Ke6 56. d5+ Kd6 57. Kd4 Kd7 58. Ke5 Ke7 59. d6+ Kd7 60. Kd5 Kd8 61. Ke6 Ke8 62. Kf6 Kd7 63. Kxg6 Kxd6 64. Kf7 Ke5 65. g6 Kf5 66. g7 1-0

[Event "CYCC U12"]
[Site "Quebec CAN"]
[Date "2008.07.14"]
[Round "2"]
[White "Robichaud, Nicolas"]
[Black "Tremblay, Kevin"]
[Result "0-1"]
[WhiteElo "1051"]
[BlackElo "1268"]
[PlyCount "84"]
[GameId "2160767910354031"]
[EventDate "2008.07.14"]
[EventType "swiss"]
[EventRounds "7"]
[EventCountry "CAN"]
[SourceTitle "EXT 2011"]
[Source "ChessBase"]
[SourceDate "2011.11.26"]
[SourceVersion "1"]
[SourceVersionDate "2011.11.26"]
[SourceQuality "1"]

1. e4 e5 2. Nf3 Nc6 3. Bb5 a6 4. Bxc6 dxc6 5. O-O Bg4 6. Nc3 Bxf3 7. Qxf3 Nf6 8. d3 Bb4 9. Bg5 h6 10. Bh4 Qd4 11. Bxf6 gxf6 12. Qxf6 Rg8 13. Rab1 Bxc3 14. bxc3 Qxc3 15. Rxb7 Rc8 16. Qf5 Ke7 17. Ra7 Qxc2 18. Qxe5+ Kd7 19. Qf5+ Kd8 20. Qf6+ Ke8 21. Qf5 Kd8 22. Rxa6 Rb8 23. Qf6+ Kd7 24. Qxf7+ Kd6 25. Qf6+ Kd7 26. Qd4+ Kc8 27. Qe5 Rb1 28. Qe6+ Kb7 29. Qxc6+ Qxc6 30. Rxc6 Rxf1+ 31. Kxf1 Kxc6 32. g3 Kc5 33. f4 Kd4 34. Ke2 Ra8 35. a3 Rxa3 36. g4 Ra2+ 37. Kf3 Kxd3 38. f5 Ra8 39. Kf4 c5 40. e5 c4 41. e6 c3 42. e7 c2 0-1